KATSEYE - Pays d'origines - Statistiques

Statistiques générales
  • Ce quiz a été pris 73 fois
  • Le résultat moyen est 10 sur 13
Statistiques - réponses
Réponse % Correct
Daniela États-Unis
96%
Lara États-Unis
96%
Megan États-Unis (Hawaii)
96%
Yoonchae Corée du Sud
91%
Megan Chine
89%
Lara Inde
89%
Manon Suisse
88%
Sophia Philippines
82%
Daniela Cuba
68%
Daniela Venezuela
54%
Manon Italie
53%
Manon Ghana
51%
Megan Singapour
37%
Aucun quiz correspondant
Distribution des résultats
% des personnes avec chaque résultat
Percentile par nombre de réponses
Votre historique - résultats
Vous n’avez pas pris ce quiz